00778 2200265 4500001002100000005001700021008004100038020001800079035002400097082000800121090001500129100001900144245013400163250001100297260003600308300001900344500002500363650004600388850001200434980001500446985000600461999001500467999001500482999001500497YOGYA-0209000006982020090227093301.0 ind  a979-415-732-5 0010-020900000069820 a225 a225bBak S aBAKER, David L aSatu alkitab dua perjanjianbsuatu studi tentang hubungan teologi antara perjanjian lama dan perjanjian barucoleh David L. Baker acet. 5 aJakartabBPK Gunung Muliac2006 a312 hlmc21 cm aTermasuk bibliografi aAlkitab - Perjanjian baru-perjanjian lama aYOPDYOG a02-11-2008 a3 a08P0002215 a08P0002214 a08P0002213